000 00696nam a2200217Ii 4500
003 JO-AjNU
008 230606s9999||||xx |||||||||||||| ||und||
020 _a978-0-521-52342-4/0-521-52342-7
040 _aJO-AjNU
_beng
_erda
_cJO-AjNU
041 _aeng
050 1 4 _aHB221.H62.2005
100 3 _aHIRSHLEIFER,JACK/AMIHAI GLAZER/DAVID HIRSHLEIFER,
_eauthor
_91816
245 0 0 _aPRICE THEORY AND APPLICATIONS:Decisions,Markets,and Information
250 _a7th ed
264 3 1 _aNew York:Cambridge University press.2005
300 _a614p
336 _atext
_btxt
_2rdacontent
337 _aunmediated
_bn
_2rdamedia
338 _avolume
_bnc
_2rdacarrier
650 4 _aPRICEAND APPLICATIONS
_91817
999 _aE957
_c957
_d957